00378nam a2200133Ia 4500008004100000041001200041082002000053100002100073245006300094250001600157260004100173300000800214650002200222231217s9999 xx 000 0 und d aEnglish a658.3 RAT;1 R aRathan Reddy, B. 0aEffective human resource training and development strategy a2nd rev ed. c2007bHimalaya PublishingaNew Delhi a539 atraining,strategy